000 00741cam a22002413a 4500
001 12940
003 PGUSA
005 20140828083259.0
008 040719s2004||||xxu|||||s|||||000 1 eng d
040 _aPGUSA
_beng
042 _adc
050 4 _aPZ
100 1 _aFerguson, Donald
245 1 4 _aThe Chums of Scranton High out for the Pennant ;
_bor, In the Three Town League
_h[electronic resource] /
_cDonald Ferguson
260 _bProject Gutenberg,
_c2004
506 _aPublic domain in the USA.
516 _aElectronic text
653 _aHigh school students -- Juvenile fiction
653 _aBaseball -- Juvenile fiction
830 0 _aProject Gutenberg
_v12940
856 4 0 _uhttp://www.gutenberg.org/ebooks/12940
942 _cEB
999 _c242195
_d242195